Leader xxxxxxxxxx
001 __ 102619/2/01
005 __ 20191030163633.003
010 0_ |a978-986-5688-89-9|b平裝|d新臺幣750元
042 __ |anbim
100 __ |a20191030d2018 k y0chiy50 e
101 0_ |achi
102 __ |atw
105 __ |aafh z 000yy
200 1_ |a服飾中華|h下卷|i宋代-民國之卷|f黃能福,陳娟娟,黃鋼作
205 __ |a初版
210 __ |a新北市|c楓樹林|d2018[民107]
215 0_ |a306面|c圖,圖版,書影|d31公分
517 1_ |a宋代-民國之卷|zchi
606 __ |2cst|a服飾
606 __ |2cst|a文化史
607 __ |2cst|a中國
700 _1 |a黃|b能福|4作
702 _1 |a陳|b娟娟|4作
702 _1 |a黃|b鋼|4作
681 __ |a538.182|b8373 v.2
801 _0 |atw|bLibDipper|c20191030|gCCR
|